000 nam a22 a 4500
999 _c2788
_d2788
005 20170518085219.0
008 170518b2012 xxu||||| |||| 00| 0 eng d
020 _a9781591845577 (pbk)
020 _a9781591843528 (hc)
040 _aAKMAL
082 _a650 KAU
090 _a650
_bKAU
100 _aJosh Kaufman
_95890
245 _aThe Personal MBA
_bMaster The Art of Business /
_cJosh Kaufman
260 _aUSA
_bPeguin Books Ltd
_c2010
300 _a445 p.
_ccm
942 _2ddc
_cBOOK